| Tag |
First Indicator |
Second Indicator |
Subfields |
| LEADER |
00000pam a2200000 i 4500 |
| 001 |
in00000477513 |
| 005 |
20151012165136.0 |
| 008 |
760527s1977 vau b 00110 eng |
| 010 |
|
|
|a 76019006
|
| 020 |
|
|
|a 087909799X
|
| 035 |
|
|
|a (OCoLC)02318222
|
| 035 |
|
|
|9 ABZ8344AM
|
| 040 |
|
|
|a DLC
|c DLC
|d TXA
|d UtOrBLW
|
| 049 |
|
|
|a TXAM
|c [1360664]
|
| 050 |
0 |
0 |
|a HF5549
|b .G427
|
| 082 |
0 |
|
|a 658.3/02
|
| 100 |
1 |
|
|a George, Claude S.,
|c Jr.
|q (Claude Swanson),
|d 1920-1995.
|
| 245 |
1 |
0 |
|a Supervision in action :
|b the art of managing others /
|c Claude S. George ; consulting editor, Joseph L. Massie.
|
| 264 |
|
1 |
|a Reston, Va. :
|b Reston Pub. Co.,
|c [1977]
|
| 264 |
|
4 |
|c ©1977
|
| 300 |
|
|
|a x, 354 pages :
|b illustrations ;
|c 24 cm.
|
| 336 |
|
|
|a text
|b txt
|2 rdacontent
|
| 337 |
|
|
|a unmediated
|b n
|2 rdamedia
|
| 338 |
|
|
|a volume
|b nc
|2 rdacarrier
|
| 504 |
|
|
|a Includes bibliographical references and index.
|
| 650 |
|
0 |
|a Supervision of employees.
|
| 999 |
|
|
|a MARS
|
| 999 |
f |
f |
|s 96a08564-9271-3994-8d08-4a151446438c
|i e002c231-9d81-3442-b77f-451970a19aec
|t 0
|
| 952 |
f |
f |
|p ric
|a Texas A&M University
|b Rellis Campus
|c Joint Library Facility
|d Remote Storage
|t 0
|e HF5549 .G427
|h Library of Congress classification
|i unmediated -- volume
|m A14802818189
|
| 998 |
f |
f |
|a HF5549 .G427
|t 0
|l Remote Storage
|